Quiz wiedzy ogólnej #43 - Statystyki

Ogólne statystyki
  • Ten quiz został rozwiązany 1 488 razy
  • Średni wynik to 11 z 20
Statystyki odpowiedzi
Pytanie Odpowiedź % Poprawnych
Jak nazywa się kąt o mierze większej niż 90 stopni ale mniejszej niż 180? Rozwarty
92%
Co jest stolicą Australii? Canberra
86%
Jak nazywa się strach przed pająkami? Arachnofobia
82%
Jakie miasto w Polsce funkcjonowało jako niepodległe państwo w okresie międzywojennym? Gdańsk
81%
Jakie miasto było gospodarzem Igrzysk Olimpijskich w 2024 roku? Paryż
79%
Jak się nazywa państwo, które w swoim języku znane jest jako Ελλάδα? Grecja
72%
Który znak zodiaku jest od 23 lipca do 22 sierpnia? Lew
67%
Jak nazywa się rakieta wystrzeliwana pod wodą? Torpeda
64%
Który widzialny kolor ma największą częstotliwość fali? Fioletowy
61%
Który z tenisowych Wielkich Szlemów jest rozgrywany na południe od równika? Australian Open
55%
Jak nazywają się badania przed narodzinami dziecka? Badania {prenatalne}
52%
Co mierzy licznik Geigera? Promieniowanie jądrowe
49%
Która część ciała składa się z dwunastnicy, jelita czczego i krętego? Jelito cienkie
46%
Które państwo sprawowało kontrolę nad regionem Makau w latach 1557-1999? Portugalia
46%
Który festiwal odbywa się corocznie na płycie lotniska Gdynia-Kosakowo? Open’er
45%
Jak nazywa się powieść o chłopcu, który nigdy nie chce dorosnąć? Piotruś Pan
44%
Jaki związek chemiczny odpowiada za ostrość w np. papryczkach chili? Kapsaicyna
43%
Który musical odgrywany jest od 1997 roku w Teatrze Buffo w Warszawie? Metro
25%
W jakim znanym filmie z 1977 roku wykorzystano piosenkę Stayin Alive? Gorączka sobotniej nocy
16%
Skąd pochodził autentyczny święty Mikołaj? Z Miry
11%
Nie znaleziono quizów pasujących do podanych kryteriów
Rozkład punktacji
Procent ludzi z każdym wynikiem
Percentyl według liczby udzielonych odpowiedzi
Twoja historia wyników
Nie rozwiązałeś tego quizu